Músicas da Gloria Groove com Mais Streams de A a Z - Statistics

Estatísticas Gerais
  • Esse quiz foi jogado 11 vezes
  • A pontuação média é 4 de 20
Estatísticas das Respostas
Letra Streams Música % Correto
V 161M VERMELHO
80%
A 110M A QUEDA
60%
N 141M Nosso Primeiro Beijo
60%
B 74M BONEKINHA
50%
F 11M FOGO NO BARRACO (feat. Mc Tchelinho)
20%
L 64M Lud Session #2 (feat. LUDMILLA)
20%
Y 46M YoYo (feat. IZA)
20%
D 97M Deve Ser Horrível Dormir Sem Mim (feat. Manu Gavassi)
10%
E 6M Eu Odeio Dia 12
10%
G 8M Gloriosa
10%
I 7M Império
10%
O 3M O Proceder
10%
P 70M Provocar (feat. Lexa)
10%
R 71M Radar
10%
# 10M 5 Minutinhos - Ao Vivo
0%
C 18M Capricórnio (feat. Xamã)
0%
J 30M Joga Bunda (feat. Aretuza Lovi, Pabllo Vittar)
0%
M 63M Me Olha Nos Olhos / Futuro Prometido/ Não Tem Perdão (feat. Sorriso Maroto)
0%
Q 4M Quem De Nós Dois / Encostar Na Tua(feat. Ana Carolina)
0%
S 96M Samba in Paris (feat. Baco Exu do Blues)
0%
Nenhum quiz correspondente encontrado
Distribuição das Pontuações
Porcentagem de Pessoas com Cada Pontuação
Percentil de Números Respondidos
Sua Pontuação Histórica
Você não jogou esse quiz